000
00341nam a2200109Ia 4500
008
221009s9999 xx 000 0 und d
082
_a
001
100
_a
राकेश गौतम
_9
69865
245
0
_a
मध्य प्रदेश एक परिचय 7वां संसकरण
260
_b
Mcgraw Hill Education
942
_c
BK
999
_c
65170
_d
65170